000
00248 a2200085 4500
020
_a
978-8120807051
100
_a
Alice Boner
245
_a
Principles of Composition in Hindu Sculpture: Cave Temple Period
260
_b
Motilal Banarsidass Publishers
_c
1991
999
_c
13209
_d
13209